| 000 | 00626nam a2200241 i 4500 | ||
|---|---|---|---|
| 001 | bgj | ||
| 100 | 1 | _aFISKE, John | |
| 245 | 1 | 0 |
_aUnderstanding popular culture / _cJohn Fiske. |
| 250 | _a[Repr.]. | ||
| 260 |
_aLondon ; New York : _bRoutledge, _c1995. |
||
| 300 |
_aXI, 206 pp : _bphot. ; _c22 cm. |
||
| 500 | _a1st publ. 1989. | ||
| 504 | _aReferences pp 195-200. | ||
| 505 | _aIncl. index. | ||
| 650 | 9 | _aPopular culture | |
| 650 | 9 | _aCapitalism | |
| 020 | _a0415078768 (pbk) | ||
| 040 | _cBPK | ||
| 041 | 0 | _aeng | |
| 920 | _a0-415-07876-8 (pbk) | ||
| 942 | _cKS | ||
| 008 | s uk f |000 0 eng | ||
| 999 |
_c50165 _d50165 |
||
| 856 |
_uhttp://koha.tu.koszalin.pl/cgi-bin/koha/opac-detail.pl?biblionumber=50165 _yKatalog online BPK |
||